| 000 | 00523nam a2200205Ia 4500 | ||
|---|---|---|---|
| 005 | 20250425161456.0 | ||
| 008 | 250425s9999 xx 000 0 und d | ||
| 041 | _aeng | ||
| 082 | _a621.31924 | ||
| 245 | 0 | _aPRACTICAL ELECTRICAL WIRING RESIDENTAL, FARM, AND INDUSTRIAL | |
| 250 | _aS.E. | ||
| 260 |
_aEstados Unidos _bMcGRAW-HILL _c1970 |
||
| 260 | _aNEW YORK | ||
| 300 | _a664 | ||
| 650 | _aCABLES ELECTRICOS | ||
| 650 | _aCARGAS RESIDENCIALES | ||
| 650 | _aCODIGO ELECTRICO | ||
| 942 | _c01 | ||
| 010 | _a21176 | ||
| 999 |
_c210024 _d210024 |
||